00686nam a2200193Ia 4500008004100000020001800041022001500059040001300074082001600087100001600103245009300119250001100212260005300223300003200276500006500308650003200373650002900405650005800434191130s2007##################000#0#eng## a9781403977335 a2007004795 aACLcACL a332.042 AIT aAitken, Rob aPerforming capital : toward a cultural economy of popular and global financecRob Aitken a1st ed aBasingstoke, HampshirebPalgrave Macmillanc2007 aviii, 247 p. : ill. ; 22 cm aIncludes bibliographical references (p. [217]-238) and index aCapitalism - Social aspects aFinance - Social aspects aWhitman College - Memorial bookplates - Class of 1952